000 00656cam a2200229u 4500
001 10275791
003 OSt
005 20230626085111.0
008 830624s1955 onc 000 0 eng
010 _a 56041982
040 _aDLC
_cCarP
_dDLC
043 _an-cn---
050 0 0 _aJL164 1955
082 _a328.7104
_bCAN
110 1 _aCanada.
_bParliament.
_bHouse of Commons.
245 0 0 _aStanding orders of the House of Commons, Canada, 1995
260 _aCanada
_c1995
300 _avarious paging
610 1 0 _aCanada.
_bParliament.
_bHouse of Commons
_xRules and practice.
906 _a0
_bcbc
_cpremunv
_du
_encip
_f19
_gy-gencatlg
942 _2ddc
_cBK
999 _c2589
_d2589